Frei Otto form and structure (Record no. 26455)

MARC details
000 -LEADER
fixed length control field 00257nam a2200109Ia 4500
082 ## - DEWEY DECIMAL CLASSIFICATION NUMBER
Classification number 072
Item number DRE
100 ## - MAIN ENTRY--AUTHOR NAME
Personal name Philip
245 #0 - TITLE STATEMENT
Title Frei Otto form and structure
260 ## - PUBLICATION, DISTRIBUTION, ETC. (IMPRINT)
Place of publication London
Name of publisher Crosby
Year of publication 1976
942 ## - ADDED ENTRY ELEMENTS (KOHA)
Koha item type Books
Holdings
Withdrawn status Lost status Damaged status Not for loan Home library Current library Date acquired Cost, normal purchase price Full call number Accession Number Koha item type
        RRII Library RRII Library 16/12/2021 15.00 072 DRE 07088 Books